[Event "XLIV Memoriał Szachowy Ludwika Zamenhofa 2025, Grupa A"]
[Site "Białystok, Poland"]
[Date "2025.12.28"]
[Round "4.16"]
[White "Rajbharath, Harjith"]
[Black "Lecki, Leonard"]
[Result "1/2-1/2"]
[TimeControl "90'+30\""]
[WhiteElo "2002"]
[BlackElo "2194"]

1. d4 {[%clk 01:30:54]} {[%emt 00:00:04]} d5 {[%clk 01:24:39]} {[%emt
00:06:23]} 2. c4 {[%clk 01:31:13]} {[%emt 00:00:11]} dxc4 {[%clk 01:25:03]}
{[%emt 00:00:05]} 3. e3 {[%clk 01:29:28]} {[%emt 00:02:14]} e6 {[%clk
01:25:00]} {[%emt 00:00:34]} 4. Bxc4 {[%clk 01:29:03]} {[%emt 00:00:55]} c5
{[%clk 01:25:07]} {[%emt 00:00:23]} 5. Nf3 {[%clk 01:27:09]} {[%emt 00:02:25]}
Nf6 {[%clk 01:25:16]} {[%emt 00:00:20]} 6. O-O {[%clk 01:25:22]} {[%emt
00:02:16]} a6 {[%clk 01:25:27]} {[%emt 00:00:20]} 7. Be2 {[%clk 01:22:33]}
{[%emt 00:03:19]} cxd4 {[%clk 01:24:35]} {[%emt 00:01:22]} 8. Nxd4 {[%clk
01:21:32]} {[%emt 00:01:31]} Bc5 {[%clk 01:15:34]} {[%emt 00:09:30]} 9. Nb3
{[%clk 01:12:48]} {[%emt 00:09:14]} Bd6 {[%clk 01:13:43]} {[%emt 00:02:22]} 10.
Nc3 {[%clk 01:09:51]} {[%emt 00:03:26]} O-O {[%clk 01:13:35]} {[%emt 00:00:38]}
11. Bf3 {[%clk 01:00:22]} {[%emt 00:10:00]} Qe7 {[%clk 01:12:33]} {[%emt
00:01:25]} 12. Qe2 {[%clk 00:55:52]} {[%emt 00:05:07]} Nbd7 {[%clk 01:10:20]}
{[%emt 00:02:42]} 13. g3 {[%clk 00:55:37]} {[%emt 00:00:46]} Rb8 {[%clk
00:45:51]} {[%emt 00:25:02]} 14. a4 {[%clk 00:44:12]} {[%emt 00:11:54]} b6
{[%clk 00:43:25]} {[%emt 00:02:56]} 15. Bg2 {[%clk 00:40:08]} {[%emt 00:04:34]}
Be5 {[%clk 00:33:11]} {[%emt 00:10:44]} 16. f4 {[%clk 00:30:50]} {[%emt
00:09:49]} Bxc3 {[%clk 00:31:35]} {[%emt 00:02:04]} 17. bxc3 {[%clk 00:31:09]}
{[%emt 00:00:12]} Nc5 {[%clk 00:31:51]} {[%emt 00:00:14]} 18. Ba3 {[%clk
00:28:02]} {[%emt 00:03:37]} Qc7 {[%clk 00:26:26]} {[%emt 00:05:56]} 19. Nxc5
{[%clk 00:24:32]} {[%emt 00:03:58]} bxc5 {[%clk 00:25:41]} {[%emt 00:01:16]} 20.
Qc4 {[%clk 00:24:04]} {[%emt 00:00:57]} Bb7 {[%clk 00:23:52]} {[%emt 00:02:20]}
21. Qxc5 {[%clk 00:22:17]} {[%emt 00:02:17]} Qxc5 {[%clk 00:23:32]} {[%emt
00:00:50]} 22. Bxc5 {[%clk 00:22:45]} {[%emt 00:00:02]} Bxg2 {[%clk 00:23:49]}
{[%emt 00:00:13]} 23. Kxg2 {[%clk 00:22:46]} {[%emt 00:00:30]} Rb2+ {[%clk
00:19:29]} {[%emt 00:04:50]} 24. Kf3 {[%clk 00:20:53]} {[%emt 00:02:22]} Rc8
{[%clk 00:19:53]} {[%emt 00:00:06]} 25. Bd4 {[%clk 00:19:07]} {[%emt 00:02:16]}
Rxh2 {[%clk 00:18:12]} {[%emt 00:02:11]} 26. Rf2 {[%clk 00:15:51]} {[%emt
00:03:47]} Rxf2+ {[%clk 00:17:18]} {[%emt 00:01:23]} 27. Kxf2 {[%clk 00:16:19]}
{[%emt 00:00:02]} Ne4+ {[%clk 00:17:37]} {[%emt 00:00:10]} 28. Kf3 {[%clk
00:16:10]} {[%emt 00:00:38]} f5 {[%clk 00:18:03]} {[%emt 00:00:05]} 29. a5
{[%clk 00:11:15]} {[%emt 00:05:25]} Rb8 {[%clk 00:16:20]} {[%emt 00:02:13]} 30.
Bb6 {[%clk 00:10:50]} {[%emt 00:00:56]} Nxc3 {[%clk 00:16:05]} {[%emt
00:00:45]} 31. Rc1 {[%clk 00:11:11]} {[%emt 00:00:08]} Nd5 {[%clk 00:14:45]}
{[%emt 00:01:50]} 32. Rc6 {[%clk 00:11:08]} {[%emt 00:00:33]} Kf7 {[%clk
00:15:10]} {[%emt 00:00:05]} 33. e4 {[%clk 00:10:55]} {[%emt 00:00:43]} fxe4+
{[%clk 00:03:17]} {[%emt 00:12:24]} 34. Kxe4 {[%clk 00:11:17]} {[%emt
00:00:07]} Re8 {[%clk 00:03:45]} {[%emt 00:00:02]} 35. Ke5 {[%clk 00:10:48]}
{[%emt 00:01:00]} Nf6 {[%clk 00:04:04]} {[%emt 00:00:11]} 36. Bc5 {[%clk
00:08:00]} {[%emt 00:03:18]} Rd8 {[%clk 00:02:44]} {[%emt 00:01:49]} 37. Rc7+
{[%clk 00:04:02]} {[%emt 00:04:28]} Rd7 {[%clk 00:03:10]} {[%emt 00:00:04]} 38.
Rxd7+ {[%clk 00:03:47]} {[%emt 00:00:46]} Nxd7+ {[%clk 00:03:35]} {[%emt
00:00:05]} 39. Kd6 {[%clk 00:04:15]} {[%emt 00:00:02]} Nf6 {[%clk 00:04:00]}
{[%emt 00:00:05]} 40. Kc6 {[%clk 00:04:03]} {[%emt 00:00:42]} Ne4 {[%clk
00:04:06]} {[%emt 00:00:24]} 41. Bg1 {[%clk 00:03:54]} {[%emt 00:00:39]} Ke8
{[%clk 00:03:53]} {[%emt 00:00:43]} 42. g4 {[%clk 00:03:58]} {[%emt 00:00:25]}
g5 {[%clk 00:02:35]} {[%emt 00:01:48]} 43. fxg5 {[%clk 00:04:10]} {[%emt
00:00:19]} Nxg5 {[%clk 00:02:59]} {[%emt 00:00:05]} 44. Kb6 {[%clk 00:04:23]}
{[%emt 00:00:16]} Kd7 {[%clk 00:03:26]} {[%emt 00:00:05]} 45. Kxa6 {[%clk
00:04:42]} {[%emt 00:00:11]} Kc6 {[%clk 00:03:23]} {[%emt 00:00:32]} 46. Ka7
{[%clk 00:05:08]} {[%emt 00:00:04]} Ne4 {[%clk 00:02:49]} {[%emt 00:01:05]} 47.
a6 {[%clk 00:05:07]} {[%emt 00:00:32]} Nd6 {[%clk 00:02:40]} {[%emt 00:00:38]}
48. Kb8 {[%clk 00:04:18]} {[%emt 00:01:19]} Nb5 {[%clk 00:03:06]} {[%emt
00:00:04]} 49. a7 {[%clk 00:01:25]} {[%emt 00:03:24]} Nxa7 {[%clk 00:03:30]}
{[%emt 00:00:05]} 50. Bxa7 {[%clk 00:01:50]} {[%emt 00:00:05]} e5 {[%clk
00:03:57]} {[%emt 00:00:04]} 51. g5 {[%clk 00:01:30]} {[%emt 00:00:50]} e4
{[%clk 00:04:12]} {[%emt 00:00:15]} 52. Be3 {[%clk 00:01:56]} {[%emt 00:00:03]}
Kd5 {[%clk 00:04:37]} {[%emt 00:00:05]} 53. Kc7 {[%clk 00:02:15]} {[%emt
00:00:11]} Kc4 {[%clk 00:05:02]} {[%emt 00:00:04]} 54. Kd6 {[%clk 00:02:30]}
{[%emt 00:00:15]} Kd3 {[%clk 00:05:28]} {[%emt 00:00:04]} 55. Bf4 {[%clk
00:02:53]} {[%emt 00:00:07]} e3 {[%clk 00:05:44]} {[%emt 00:00:14]} 56. Ke6
{[%clk 00:03:00]} {[%emt 00:00:22]} e2 {[%clk 00:05:35]} {[%emt 00:00:40]} 57.
Bg3 {[%clk 00:03:26]} {[%emt 00:00:03]} Ke4 {[%clk 00:05:58]} {[%emt 00:00:08]}
58. Kf6 {[%clk 00:03:17]} {[%emt 00:00:40]} Kf3 {[%clk 00:06:23]} {[%emt
00:00:05]} 59. Be1 {[%clk 00:03:43]} {[%emt 00:00:04]} Kg4 {[%clk 00:06:37]}
{[%emt 00:00:16]} 60. Bc3 {[%clk 00:03:07]} {[%emt 00:01:06]} Kh5 {[%clk
00:06:25]} {[%emt 00:00:42]} 61. Bd2 {[%clk 00:01:12]} {[%emt 00:02:26]} Kg4
{[%clk 00:06:45]} {[%emt 00:00:09]} 62. Be1 {[%clk 00:01:01]} {[%emt 00:00:41]}
Kh5 {[%clk 00:07:05]} {[%emt 00:00:09]} 63. Bc3 {[%clk 00:00:51]} {[%emt
00:00:41]} Kg4 {[%clk 00:07:30]} {[%emt 00:00:05]} 64. Bd2 {[%clk 00:01:19]}
{[%emt 00:00:02]} Kh5 {[%clk 00:07:54]} {[%emt 00:00:06]} 65. Kf5 {[%clk
00:01:47]} {[%emt 00:00:02]} h6 {[%clk 00:08:18]} {[%emt 00:00:06]} 66. g6
{[%clk 00:01:49]} {[%emt 00:00:28]} e1=Q {[%clk 00:08:41]} {[%emt 00:00:07]} 67.
Bxe1 {[%clk 00:02:18]} {[%emt 00:00:01]} 1/2-1/2

[Event "XLIV Memoriał Szachowy Ludwika Zamenhofa 2025, Grupa A"]
[Site "Białystok, Poland"]
[Date "2025.12.28"]
[Round "4.17"]
[White "Kiolbasa, Damian"]
[Black "Backiel, Hubert"]
[Result "0-1"]
[TimeControl "90'+30\""]
[WhiteElo "2079"]
[BlackElo "2258"]

1. d4 {[%clk 01:30:57]} {[%emt 00:00:02]} d5 {[%clk 01:30:53]} {[%emt
00:00:08]} 2. c4 {[%clk 01:31:19]} {[%emt 00:00:08]} e6 {[%clk 01:31:19]}
{[%emt 00:00:04]} 3. g3 {[%clk 01:31:45]} {[%emt 00:00:04]} Nf6 {[%clk
01:31:11]} {[%emt 00:00:37]} 4. Bg2 {[%clk 01:32:02]} {[%emt 00:00:13]} dxc4
{[%clk 01:31:19]} {[%emt 00:00:22]} 5. Qa4+ {[%clk 01:31:28]} {[%emt 00:01:05]}
Nbd7 {[%clk 01:31:33]} {[%emt 00:00:15]} 6. Qxc4 {[%clk 01:31:35]} {[%emt
00:00:23]} a6 {[%clk 01:31:52]} {[%emt 00:00:12]} 7. Nc3 {[%clk 01:29:23]}
{[%emt 00:02:42]} c5 {[%clk 01:30:55]} {[%emt 00:01:27]} 8. dxc5 {[%clk
01:27:37]} {[%emt 00:02:16]} Bxc5 {[%clk 01:31:11]} {[%emt 00:00:14]} 9. Nh3
{[%clk 01:27:28]} {[%emt 00:00:39]} b5 {[%clk 01:25:55]} {[%emt 00:05:46]} 10.
Qd3 {[%clk 01:21:13]} {[%emt 00:06:44]} Rb8 {[%clk 01:25:16]} {[%emt 00:01:09]}
11. Be3 {[%clk 01:19:41]} {[%emt 00:02:02]} Qb6 {[%clk 01:22:51]} {[%emt
00:02:55]} 12. Bxc5 {[%clk 01:16:26]} {[%emt 00:03:45]} Nxc5 {[%clk 01:23:14]}
{[%emt 00:00:08]} 13. Qe3 {[%clk 01:16:53]} {[%emt 00:00:03]} b4 {[%clk
01:11:56]} {[%emt 00:11:48]} 14. Nd5 {[%clk 01:13:22]} {[%emt 00:04:01]} Nxd5
{[%clk 01:09:50]} {[%emt 00:02:35]} 15. Bxd5 {[%clk 01:13:33]} {[%emt
00:00:20]} O-O {[%clk 01:10:17]} {[%emt 00:00:03]} 16. Bg2 {[%clk 01:13:51]}
{[%emt 00:00:12]} Na4 {[%clk 01:05:18]} {[%emt 00:05:29]} 17. Qb3 {[%clk
01:13:29]} {[%emt 00:00:53]} Nc5 {[%clk 00:53:20]} {[%emt 00:12:27]} 18. Qe3
{[%clk 01:12:33]} {[%emt 00:01:25]} Na4 {[%clk 00:52:45]} {[%emt 00:01:06]} 19.
Qb3 {[%clk 01:12:14]} {[%emt 00:00:49]} Bd7 {[%clk 00:53:09]} {[%emt 00:00:06]}
20. O-O {[%clk 01:11:52]} {[%emt 00:00:51]} a5 {[%clk 00:52:03]} {[%emt
00:01:37]} 21. Rfd1 {[%clk 01:04:45]} {[%emt 00:07:36]} Bb5 {[%clk 00:51:44]}
{[%emt 00:00:47]} 22. Nf4 {[%clk 01:04:09]} {[%emt 00:01:09]} h6 {[%clk
00:50:48]} {[%emt 00:01:27]} 23. h4 {[%clk 01:03:32]} {[%emt 00:01:07]} Rfc8
{[%clk 00:41:57]} {[%emt 00:09:21]} 24. Rd2 {[%clk 01:02:33]} {[%emt 00:01:29]}
Qc5 {[%clk 00:40:57]} {[%emt 00:01:30]} 25. Be4 {[%clk 00:49:13]} {[%emt
00:13:50]} Qe5 {[%clk 00:38:39]} {[%emt 00:02:48]} 26. Qe3 {[%clk 00:46:47]}
{[%emt 00:02:56]} Kh8 {[%clk 00:37:59]} {[%emt 00:01:10]} 27. Nd3 {[%clk
00:40:19]} {[%emt 00:06:57]} Bxd3 {[%clk 00:32:00]} {[%emt 00:06:30]} 28. Bxd3
{[%clk 00:40:29]} {[%emt 00:00:19]} Qxe3 {[%clk 00:32:24]} {[%emt 00:00:06]} 29.
fxe3 {[%clk 00:40:54]} {[%emt 00:00:05]} g6 {[%clk 00:31:40]} {[%emt 00:01:15]}
30. a3 {[%clk 00:35:14]} {[%emt 00:06:10]} b3 {[%clk 00:31:02]} {[%emt
00:01:08]} 31. Rf1 {[%clk 00:35:33]} {[%emt 00:00:11]} Kg7 {[%clk 00:28:36]}
{[%emt 00:02:56]} 32. Rf4 {[%clk 00:36:01]} {[%emt 00:00:02]} Rc1+ {[%clk
00:28:25]} {[%emt 00:00:41]} 33. Kg2 {[%clk 00:34:38]} {[%emt 00:01:53]} Nb6
{[%clk 00:25:46]} {[%emt 00:03:09]} 34. Rd4 {[%clk 00:32:57]} {[%emt 00:02:10]}
Rbc8 {[%clk 00:14:24]} {[%emt 00:11:53]} 35. Kf2 {[%clk 00:29:15]} {[%emt
00:04:12]} R8c2 {[%clk 00:12:07]} {[%emt 00:02:47]} 36. Be4 {[%clk 00:24:22]}
{[%emt 00:05:23]} Rxd2 {[%clk 00:09:16]} {[%emt 00:03:20]} 37. Rxd2 {[%clk
00:24:47]} {[%emt 00:00:06]} Nc4 {[%clk 00:09:33]} {[%emt 00:00:13]} 38. Rd7
{[%clk 00:18:23]} {[%emt 00:06:53]} Nxb2 {[%clk 00:09:56]} {[%emt 00:00:07]} 39.
Rb7 {[%clk 00:18:44]} {[%emt 00:00:09]} a4 {[%clk 00:10:19]} {[%emt 00:00:09]}
40. Rb4 {[%clk 00:17:25]} {[%emt 00:01:48]} Ra1 {[%clk 00:09:59]} {[%emt
00:00:49]} 41. g4 {[%clk 00:17:50]} {[%emt 00:00:05]} Rxa3 {[%clk 00:10:03]}
{[%emt 00:00:27]} 42. Ke1 {[%clk 00:18:18]} {[%emt 00:00:02]} Ra1+ {[%clk
00:09:35]} {[%emt 00:00:57]} 43. Kd2 {[%clk 00:18:47]} {[%emt 00:00:02]} Rg1
{[%clk 00:08:50]} {[%emt 00:01:14]} 44. Kc3 {[%clk 00:18:22]} {[%emt 00:00:56]}
Nd1+ {[%clk 00:08:24]} {[%emt 00:00:56]} 45. Kd2 {[%clk 00:18:49]} {[%emt
00:00:02]} Nf2 {[%clk 00:08:13]} {[%emt 00:00:41]} 46. Bc6 {[%clk 00:18:11]}
{[%emt 00:01:09]} a3 {[%clk 00:08:28]} {[%emt 00:00:15]} 0-1

[Event "XLIV Memoriał Szachowy Ludwika Zamenhofa 2025, Grupa A"]
[Site "Białystok, Poland"]
[Date "2025.12.28"]
[Round "4.18"]
[White "Greicius, Pijus"]
[Black "Wites, Adam"]
[Result "1-0"]
[TimeControl "90'+30\""]
[WhiteElo "2170"]
[BlackElo "2017"]

1. d4 {[%clk 01:30:50]} {[%emt 00:00:02]} Nf6 {[%clk 01:30:58]} {[%emt
00:00:10]} 2. c4 {[%clk 01:31:11]} {[%emt 00:00:09]} e6 {[%clk 01:31:23]}
{[%emt 00:00:05]} 3. Bf4 {[%clk 01:31:36]} {[%emt 00:00:04]} d5 {[%clk
01:30:45]} {[%emt 00:01:08]} 4. cxd5 {[%clk 01:31:59]} {[%emt 00:00:07]} exd5
{[%clk 01:31:02]} {[%emt 00:00:13]} 5. e3 {[%clk 01:32:10]} {[%emt 00:00:19]}
Bd6 {[%clk 01:31:05]} {[%emt 00:00:27]} 6. Bxd6 {[%clk 01:32:25]} {[%emt
00:00:15]} Qxd6 {[%clk 01:31:29]} {[%emt 00:00:07]} 7. Bd3 {[%clk 01:32:49]}
{[%emt 00:00:06]} O-O {[%clk 01:31:24]} {[%emt 00:00:35]} 8. Nc3 {[%clk
01:33:00]} {[%emt 00:00:19]} c6 {[%clk 01:30:05]} {[%emt 00:01:48]} 9. h3
{[%clk 01:33:11]} {[%emt 00:00:18]} Re8 {[%clk 01:28:56]} {[%emt 00:01:41]} 10.
Qc2 {[%clk 01:32:29]} {[%emt 00:01:11]} b6 {[%clk 01:25:28]} {[%emt 00:03:59]}
11. Nf3 {[%clk 01:30:37]} {[%emt 00:02:21]} Ba6 {[%clk 01:22:53]} {[%emt
00:03:05]} 12. Bxa6 {[%clk 01:28:43]} {[%emt 00:02:25]} Nxa6 {[%clk 01:22:50]}
{[%emt 00:00:33]} 13. O-O {[%clk 01:29:02]} {[%emt 00:00:10]} Nb8 {[%clk
01:18:18]} {[%emt 00:05:02]} 14. Rac1 {[%clk 01:18:31]} {[%emt 00:11:01]} Nbd7
{[%clk 01:14:51]} {[%emt 00:03:58]} 15. Rfd1 {[%clk 01:17:29]} {[%emt
00:01:32]} b5 {[%clk 01:08:30]} {[%emt 00:06:51]} 16. Ne2 {[%clk 01:11:16]}
{[%emt 00:06:42]} Rac8 {[%clk 01:02:59]} {[%emt 00:06:02]} 17. Nf4 {[%clk
01:06:51]} {[%emt 00:04:54]} Ne4 {[%clk 01:00:44]} {[%emt 00:02:46]} 18. Nd3
{[%clk 01:00:29]} {[%emt 00:06:52]} a5 {[%clk 00:52:34]} {[%emt 00:08:40]} 19.
Nd2 {[%clk 00:52:24]} {[%emt 00:08:35]} Ndf6 {[%clk 00:49:13]} {[%emt
00:03:52]} 20. Nb3 {[%clk 00:43:03]} {[%emt 00:09:50]} Qd8 {[%clk 00:42:20]}
{[%emt 00:07:23]} 21. Nbc5 {[%clk 00:39:45]} {[%emt 00:03:47]} Nxc5 {[%clk
00:39:44]} {[%emt 00:03:07]} 22. Nxc5 {[%clk 00:39:41]} {[%emt 00:00:34]} Ne4
{[%clk 00:37:34]} {[%emt 00:02:41]} 23. Nxe4 {[%clk 00:36:50]} {[%emt
00:03:20]} Rxe4 {[%clk 00:37:44]} {[%emt 00:00:20]} 24. Qd2 {[%clk 00:35:58]}
{[%emt 00:01:22]} f5 {[%clk 00:33:37]} {[%emt 00:04:37]} 25. Rc5 {[%clk
00:20:12]} {[%emt 00:16:15]} a4 {[%clk 00:23:05]} {[%emt 00:11:03]} 26. Qc3
{[%clk 00:17:43]} {[%emt 00:02:58]} Re6 {[%clk 00:19:48]} {[%emt 00:03:47]} 27.
Rc1 {[%clk 00:15:26]} {[%emt 00:02:48]} Rg6 {[%clk 00:18:05]} {[%emt 00:02:13]}
28. Kh2 {[%clk 00:02:55]} {[%emt 00:13:01]} Qg5 {[%clk 00:16:07]} {[%emt
00:02:28]} 29. g3 {[%clk 00:03:18]} {[%emt 00:00:06]} Rh6 {[%clk 00:14:37]}
{[%emt 00:02:03]} 30. Qd3 {[%clk 00:02:59]} {[%emt 00:00:47]} Qg4 {[%clk
00:09:03]} {[%emt 00:06:05]} 31. Qf1 {[%clk 00:03:23]} {[%emt 00:00:05]} b4
{[%clk 00:08:06]} {[%emt 00:01:27]} 32. Rxc6 {[%emt 00:02:38]} Rcxc6 {[%clk
00:06:41]} 33. Rxc6 {[%clk 00:03:35]} {[%emt 00:00:06]} Qh5 {[%clk 00:02:30]}
{[%emt 00:04:40]} 34. Rxh6 {[%clk 00:02:08]} {[%emt 00:01:57]} gxh6 {[%clk
00:01:37]} {[%emt 00:01:23]} 35. Kg2 {[%clk 00:01:20]} {[%emt 00:01:18]} Qe8
{[%clk 00:01:15]} {[%emt 00:00:51]} 36. Qd3 {[%clk 00:01:46]} {[%emt 00:00:05]}
Qe6 {[%clk 00:00:48]} {[%emt 00:00:57]} 37. Qc2 {[%clk 00:01:55]} {[%emt
00:00:20]} Qd7 {[%clk 00:00:39]} {[%emt 00:00:40]} 38. f3 {[%clk 00:01:01]}
{[%emt 00:01:24]} Qb5 {[%clk 00:00:45]} {[%emt 00:00:25]} 39. Kf2 {[%clk
00:01:18]} {[%emt 00:00:12]} b3 {[%clk 00:00:31]} {[%emt 00:00:44]} 40. axb3
{[%clk 00:01:36]} {[%emt 00:00:12]} axb3 {[%clk 00:01:01]} {[%emt 00:00:01]} 41.
Qxf5 {[%clk 00:01:53]} {[%emt 00:00:13]} Qc4 {[%clk 00:01:21]} {[%emt
00:00:09]} 42. g4 {[%clk 00:01:06]} {[%emt 00:01:17]} Qc2+ {[%clk 00:01:09]}
{[%emt 00:00:42]} 43. Kg3 {[%clk 00:01:34]} {[%emt 00:00:02]} Qxb2 {[%clk
00:01:23]} {[%emt 00:00:16]} 44. Qxd5+ {[%clk 00:02:01]} {[%emt 00:00:03]} Kg7
{[%clk 00:01:04]} {[%emt 00:00:50]} 45. Qe5+ {[%clk 00:02:26]} {[%emt
00:00:05]} Kg8 {[%clk 00:00:45]} {[%emt 00:00:49]} 46. Qe6+ {[%clk 00:02:33]}
{[%emt 00:00:22]} Kg7 {[%clk 00:01:00]} {[%emt 00:00:15]} 47. Qe7+ {[%clk
00:02:58]} {[%emt 00:00:05]} Kg8 {[%clk 00:00:46]} {[%emt 00:00:44]} 48. d5
{[%clk 00:02:37]} {[%emt 00:00:52]} Qc3 {[%clk 00:00:55]} {[%emt 00:00:20]} 49.
d6 {[%clk 00:01:54]} {[%emt 00:01:14]} Qe1+ {[%clk 00:01:14]} {[%emt 00:00:10]}
50. Kf4 {[%clk 00:02:19]} {[%emt 00:00:05]} Qb4+ {[%clk 00:01:32]} {[%emt
00:00:13]} 51. e4 {[%clk 00:01:52]} {[%emt 00:00:56]} b2 {[%clk 00:01:10]}
{[%emt 00:00:52]} 52. Qe6+ {[%clk 00:02:05]} {[%emt 00:00:17]} Kg7 {[%clk
00:01:31]} {[%emt 00:00:10]} 53. Qe5+ {[%clk 00:02:17]} {[%emt 00:00:17]} Kg6
{[%clk 00:00:51]} {[%emt 00:01:10]} 54. Qe6+ {[%clk 00:01:53]} {[%emt
00:00:54]} Kg7 {[%clk 00:01:17]} {[%emt 00:00:05]} 55. Qe7+ {[%clk 00:01:57]}
{[%emt 00:00:26]} Kg8 {[%clk 00:01:08]} {[%emt 00:00:38]} 56. Qe8+ {[%clk
00:01:45]} {[%emt 00:00:42]} Kg7 {[%clk 00:01:34]} {[%emt 00:00:04]} 57. Qe5+
{[%clk 00:00:43]} {[%emt 00:01:33]} Kg6 {[%clk 00:01:49]} {[%emt 00:00:13]} 58.
Qe6+ {[%clk 00:00:49]} {[%emt 00:00:25]} Kg7 {[%clk 00:02:15]} {[%emt
00:00:04]} 59. d7 {[%clk 00:00:58]} {[%emt 00:00:22]} b1=Q {[%clk 00:01:03]}
{[%emt 00:01:41]} 60. d8=Q {[%clk 00:01:16]} {[%emt 00:00:12]} Qc1+ {[%clk
00:00:38]} {[%emt 00:00:55]} 61. Kf5 {[%clk 00:01:34]} {[%emt 00:00:11]} Qbc5+
{[%clk 00:00:33]} {[%emt 00:00:36]} 62. Qe5+ {[%clk 00:01:55]} {[%emt
00:00:09]} Qxe5+ {[%clk 00:00:46]} {[%emt 00:00:18]} 63. Kxe5 {[%clk 00:02:23]}
{[%emt 00:00:01]} Qc3+ {[%clk 00:00:41]} {[%emt 00:00:34]} 64. Kf4 {[%clk
00:02:35]} {[%emt 00:00:18]} Qc1+ {[%clk 00:00:38]} {[%emt 00:00:35]} 65. Kf5
{[%clk 00:02:40]} {[%emt 00:00:23]} Qc5+ {[%emt 00:02:16]} 66. Qd5 {[%clk
00:01:17]} Qf8+ {[%clk 00:00:57]} {[%emt 00:00:18]} 67. Ke6 {[%clk 00:01:44]}
{[%emt 00:00:03]} Qxf3 {[%clk 00:00:37]} {[%emt 00:00:51]} 68. Kd7 {[%clk
00:00:41]} {[%emt 00:01:33]} Qxh3 {[%clk 00:00:43]} {[%emt 00:00:25]} 69. Qe5
{[%clk 00:00:59]} {[%emt 00:00:11]} Kg8 {[%clk 00:00:37]} {[%emt 00:00:35]} 70.
Qe6+ {[%clk 00:01:24]} {[%emt 00:00:06]} Kg7 {[%clk 00:01:02]} {[%emt
00:00:05]} 71. e5 {[%clk 00:01:04]} {[%emt 00:00:50]} Qd3+ {[%clk 00:01:01]}
{[%emt 00:00:31]} 72. Qd6 {[%clk 00:01:28]} {[%emt 00:00:06]} Qb5+ {[%clk
00:01:13]} {[%emt 00:00:17]} 73. Kd8 {[%clk 00:01:41]} {[%emt 00:00:17]} Kg8
{[%clk 00:00:40]} {[%emt 00:01:04]} 74. Qe6 {[%clk 00:01:30]} {[%emt 00:00:40]}
Kf8 {[%clk 00:00:37]} {[%emt 00:00:34]} 75. Qe7 {[%clk 00:01:53]} {[%emt
00:00:08]} Kg8 {[%clk 00:01:03]} {[%emt 00:00:03]} 76. Qe8 {[%clk 00:02:15]}
{[%emt 00:00:09]} 1-0